000 00865nam a22002417a 4500
999 _c20029
_d20029
005 20171220101625.0
008 171220b2015 CK ||||| |||| 00| 0 spa d
020 _a9789587756371
040 _aCO-BoIAVH
_cCO-BoIAVH
041 _aspa
044 _ack
082 _a581.467
_bJ37s
100 _aGallini, Stefania
_eeditora
245 _aSemillas de historia ambiental
260 _aBogotá:
_bJardin Botanico Jose Celestino Mutis,
_bUniversidad Nacional de Colombia, Facultad de Ciencias Humanas
_c2015.
300 _a413 páginas
_c23 x 15cm
490 _aColección general. Biblioteca abierta. Perspectivas ambientales ;
_v434
650 1 6 _aSemillas
_xCultivo
650 1 6 _aSemillas
_xHistoria
650 1 6 _aSocioecologia
650 0 _aAprovechamiento de los recursos naturales
_xAprovechamiento
942 _2ddc
_cLIBRO